Voos com origem em Porto Seguro (BPS) - Statistics

Estatísticas Gerais
  • Esse quiz foi jogado 7 vezes
  • A pontuação média é 15 de 21
Estatísticas das Respostas
Cia aérea Destino % Correto
Azul, Gol Belo Horizonte-Confins
100%
Azul, Gol, LATAM Brasília
100%
Aerolíneas Argentinas Buenos Aires-Aeroparque
100%
Andes Líneas Aéreas, Gol Buenos Aires-Ezeiza
100%
Azul, Gol, LATAM Rio de Janeiro-Galeão
100%
Azul, Gol Salvador
100%
Gol, LATAM São Paulo-Congonhas
100%
Azul, Gol, LATAM São Paulo-Guarulhos
100%
Azul Campinas
86%
Andes Líneas Aéreas Córdoba
71%
Azul Cuiabá
71%
Azul Uberlândia
71%
Gol Vitória
71%
Azul Campo Grande
57%
Azul Londrina
57%
Azul Ribeirão Preto
57%
Azul São José do Rio Preto
57%
Azul Araçatuba
43%
Azul Bauru/Arealva
43%
Azul Presidente Prudente
43%
Azul Joinville
0%
Nenhum quiz correspondente encontrado
Distribuição das Pontuações
Porcentagem de Pessoas com Cada Pontuação
Percentil de Números Respondidos
Sua Pontuação Histórica
Você não jogou esse quiz